Day #33: Countries 3300 km away from Central African Republic - Statistics

General Stats
  • This quiz has been taken 16 times
  • The average score is 16 of 17
Answer Stats
Answer % Correct
Algeria
100%
Egypt
100%
Guinea
100%
Mali
100%
Mauritania
100%
Mozambique
100%
Somalia
100%
South Africa
100%
Israel
92%
Jordan
92%
Liberia
92%
Namibia
92%
Saudi Arabia
92%
Sierra Leone
92%
Tunisia
92%
Yemen
92%
Botswana
85%
No matching quizzes found
Score Distribution
Percent of People with Each Score
Percentile by Number Answered
Your Score History
You have not taken this quiz